Estudios socioculturales del derecho : desafíos disciplinares y defensa de derechos humanos /

Detalles Bibliográficos
Otros Autores: Terven Salinas, Adriana (Editor), Luévano Bustamante, Guillermo (Editor)
Formato: Electrónico eBook
Lenguaje:español
Publicado: Zapopan, Jalisco : El Colegio de Jalisco, [2018]
Colección:Temas de estudio (Colegio de Jalisco)
Materias:
Acceso en línea:Digitalia Hispánica

MARC

LEADER 00000nam a2200000Ii 4500
001 DIGCOJAL0006
003 NyNyDIG
006 m o d
007 cr |||||||||||
008 250404s2018 mx a ob 000 0 spa d
035 |a (OCoLC)1513493415 
040 |a DGITA  |b eng  |e rda  |e pn  |c DGITA 
020 |z 9786078350872 
043 |a n-mx--- 
050 1 4 |a KGF2204 ebook 
245 0 0 |a Estudios socioculturales del derecho :  |b desafíos disciplinares y defensa de derechos humanos /  |c Adriana Terven Salinas, Guillermo Luévano Bustamante, coordinadores. 
264 1 |a Zapopan, Jalisco :  |b El Colegio de Jalisco,  |c [2018] 
300 |a 1 online resource :  |b illustrations. 
336 |a text  |b txt  |2 rdacontent 
337 |a computer  |b c  |2 rdamedia 
338 |a online resource  |b cr  |2 rdacarrier 
347 |a text file  |2 rdaft 
347 |b PDF 
490 1 |a Temas de estudio 
504 |a Includes bibliographical references. 
588 0 |a Online resource; title from PDF title page (Digitalia, viewed April 4, 2025) 
650 0 |a Indians of Mexico  |x Civil rights. 
650 0 |a Indians of Mexico  |x Legal status, laws, etc. 
650 0 |a Legal polycentricity  |z Mexico. 
650 0 |a Law and anthropology  |z Mexico. 
650 0 |a Sociological jurisprudence  |z Mexico. 
700 1 |a Terven Salinas, Adriana,  |e editor. 
700 1 |a Luévano Bustamante, Guillermo,  |e editor. 
791 2 |a Digitalia (Firm),  |e distributor. 
793 0 |g Digitalia eBook Collection:  |a El Colegio de Jalisco 
776 0 8 |i Print version:  |t Estudios socioculturales del derecho.  |b Primera edición.  |d Zapopan, Jalisco : El Colegio de Jalisco, 2018  |z 9786078350872 
830 0 |a Temas de estudio (Colegio de Jalisco) 
856 4 0 |3 Digitalia Hispánica  |u https://www.digitaliapublishing.com/a/172168/ 
910 |a Premium collection: 2025